Quick Pick: Movie Quotes A to Z Quiz Stats

 Plays Quiz Updated Dec 14, 2017

Challenge
Share
Tweet
Embed
Score 0/24 Timer 01:30
1 Play Today
% Correct
Vista
86.7%
Offer
86.7%
Force
86.5%
Dear
86.1%
Kansas
86%
Boat
85.7%
Earth
84.8%
Money
84.7%
Question
84.5%
It's
84.3%
Truth
83.6%
Usual
83%
% Correct
Liver
83%
Rob
82.1%
Napalm
79.4%
Shirley
77.6%
Yo
77.4%
Anymore
76.3%
Contender
75.8%
War
75.2%
Greed
68.8%
Hangers
66.3%
Jake
60.6%
Pictures
56.7%

Today's Daily Dose

You're not logged in!

Compare scores with friends on all Sporcle quizzes.
OR
Log In

You Might Also Like...

Show Comments

Extras

Top Quizzes Today


Score Distribution

Your Account Isn't Verified!

In order to create a playlist on Sporcle, you need to verify the email address you used during registration. Go to your Sporcle Settings to finish the process.

Report this User

Report this user for behavior that violates our Community Guidelines.

Details: